|
|
|
|
| LEADER |
02527nam a22005055i 4500 |
| 001 |
978-3-7091-0939-7 |
| 003 |
DE-He213 |
| 005 |
20151204162734.0 |
| 007 |
cr nn 008mamaa |
| 008 |
111119s2011 au | s |||| 0|eng d |
| 020 |
|
|
|a 9783709109397
|9 978-3-7091-0939-7
|
| 024 |
7 |
|
|a 10.1007/978-3-7091-0939-7
|2 doi
|
| 040 |
|
|
|d GrThAP
|
| 050 |
|
4 |
|a TA405-409.3
|
| 050 |
|
4 |
|a QA808.2
|
| 072 |
|
7 |
|a TG
|2 bicssc
|
| 072 |
|
7 |
|a TEC009070
|2 bisacsh
|
| 072 |
|
7 |
|a TEC021000
|2 bisacsh
|
| 082 |
0 |
4 |
|a 620.1
|2 23
|
| 245 |
1 |
0 |
|a Mechanics of Crustal Rocks
|h [electronic resource] /
|c edited by Yves M. Leroy, Florian K. Lehner.
|
| 264 |
|
1 |
|a Vienna :
|b Springer Vienna :
|b Imprint: Springer,
|c 2011.
|
| 300 |
|
|
|a VIII, 240 p.
|b online resource.
|
| 336 |
|
|
|a text
|b txt
|2 rdacontent
|
| 337 |
|
|
|a computer
|b c
|2 rdamedia
|
| 338 |
|
|
|a online resource
|b cr
|2 rdacarrier
|
| 347 |
|
|
|a text file
|b PDF
|2 rda
|
| 490 |
1 |
|
|a CISM Courses and Lectures,
|x 0254-1971 ;
|v 533
|
| 520 |
|
|
|a The mechanical behaviour of the earth's upper crust enters into a great variety of questions in different areas of the geological and geophysical sciences as well as in the more applied geotechnical disciplines. This volume presents a selection of papers from a CISM course in Udine on this topic. While each of these chapters will make for a useful contribution in its own right, the present bundle also illustrates, by way of examples, the variety of theoretical concepts and tools that are currently brought to bear on earth deformation studies, ranging from reviews of poroelastic field theory to micro-mechanical and homogenization studies, chemomechanics and interfacial stability theory of soluble solids under stress, and finally to an introduction to the finite element method.
|
| 650 |
|
0 |
|a Engineering.
|
| 650 |
|
0 |
|a Geotechnical engineering.
|
| 650 |
|
0 |
|a Continuum mechanics.
|
| 650 |
|
0 |
|a Materials science.
|
| 650 |
1 |
4 |
|a Engineering.
|
| 650 |
2 |
4 |
|a Continuum Mechanics and Mechanics of Materials.
|
| 650 |
2 |
4 |
|a Geotechnical Engineering & Applied Earth Sciences.
|
| 650 |
2 |
4 |
|a Characterization and Evaluation of Materials.
|
| 700 |
1 |
|
|a Leroy, Yves M.
|e editor.
|
| 700 |
1 |
|
|a Lehner, Florian K.
|e editor.
|
| 710 |
2 |
|
|a SpringerLink (Online service)
|
| 773 |
0 |
|
|t Springer eBooks
|
| 776 |
0 |
8 |
|i Printed edition:
|z 9783709109380
|
| 830 |
|
0 |
|a CISM Courses and Lectures,
|x 0254-1971 ;
|v 533
|
| 856 |
4 |
0 |
|u http://dx.doi.org/10.1007/978-3-7091-0939-7
|z Full Text via HEAL-Link
|
| 912 |
|
|
|a ZDB-2-ENG
|
| 950 |
|
|
|a Engineering (Springer-11647)
|